Conventional immuno-PCR and nanoparticles based immuno-PCR for detection of mycobacterial antigens and antibodies in pulmonary and extrapulmonary tuberculosis patients (Record no. 126995)

MARC details
000 -LEADER
fixed length control field 00474nam a2200145Ia 4500
008 - FIXED-LENGTH DATA ELEMENTS--GENERAL INFORMATION
fixed length control field 230917s9999||||xx |||||||||||||| ||und||
040 ## - CATALOGING SOURCE
-- 240495
Original cataloging agency VIVEKANANDA LIBRARY
041 ## - Language
-- English
082 ## - DDC NUMBER
Classification number 660.602461 N384C
100 ## - MAIN ENTRY--PERSONAL NAME
Personal name Netrapal Singh
245 #0 - TITLE STATEMENT
Title Conventional immuno-PCR and nanoparticles based immuno-PCR for detection of mycobacterial antigens and antibodies in pulmonary and extrapulmonary tuberculosis patients
260 ## - PUBLICATION, DISTRIBUTION, ETC. (IMPRINT)
Date of publication, distribution, etc 2016
300 ## - PHYSICAL DESCRIPTION
Pages 207 p.
942 ## - ADDED ENTRY ELEMENTS (KOHA)
Koha item type Thesis
Holdings
Withdrawn status Lost status Damaged status Not for loan Location (home branch) Sublocation or collection (holding branch) Date acquired Koha issues (times borrowed) Koha full call number Accession No. Koha date last seen Koha item type
        VIVEKANANDA LIBRARY VIVEKANANDA LIBRARY 19/06/2017   660.602461 N384C 222884 17/09/2023 Thesis
© Designed and Maintained by Vivekananda Library, MDU Rohtak